000 00619nam a2200181Ia 4500
008 151202s9999||||xx |||||||||||||| ||und||
082 _bPNVM-41866
100 _aवियोगी नारायण.
245 _aनर्मदा परिक्रमा.
260 _b"वियोगी नारायण,नासिक."
260 _c0
300 _a263
600 _aवियोगी नारायण.
630 _aनर्मदा परिक्रमा.
700 _aवियोगी नारायण.
730 _aनर्मदा परिक्रमा.
942 _cBOOK
999 _c1307818
_d1307815